[Event "5th Yaroslav the Wise Rap"]
[Site "Yaroslavl RUS"]
[Date "2014.08.26"]
[Round "1.1"]
[White "Potkin, Vladimir"]
[Black "Moiseenko, Alexander"]
[Result "1/2-1/2"]
[WhiteTitle "GM"]
[BlackTitle "GM"]
[WhiteElo "2610"]
[BlackElo "2707"]
[WhiteFideId "4131061"]
[BlackFideId "14102560"]
[EventDate "2014.08.26"]

1. c4 e5 2. Nc3 Bb4 3. Nd5 Bc5 4. Nf3 e4 5. d4 Bf8 6. Nd2 c6 7. Nc3 f5 8. e3 Nf6
9. Be2 d5 10. Qb3 Be7 11. O-O O-O 12. f3 Kh8 13. fxe4 dxe4 14. Rd1 Na6 15. Nf1
Nc7 16. Bd2 Ne6 17. Be1 f4 18. d5 Nc5 19. Qc2 f3 20. gxf3 exf3 21. Bxf3 Ng4 22.
dxc6 Qe8 23. cxb7 Rxf3 24. bxa8=Q Rxf1+ 25. Kxf1 Nxe3+ 26. Kg1 Nxc2 27. Bg3 Bg5
28. Re1 Nxe1 29. Rxe1 Be3+ 30. Rxe3 Qxe3+ 31. Bf2 Qc1+ 32. Kg2 Qg5+ 33. Kf1 Qc1+
34. Kg2 Qg5+ 35. Kf1 Qc1+ 36. Kg2 Qg5+ 37. Kf1 Qc1+ 38. Kg2 1/2-1/2

[Event "5th Yaroslav the Wise Rap"]
[Site "Yaroslavl RUS"]
[Date "2014.08.26"]
[Round "1.2"]
[White "Tomashevsky, Evgeny"]
[Black "Motylev, Alexander"]
[Result "1-0"]
[WhiteTitle "GM"]
[BlackTitle "GM"]
[WhiteElo "2701"]
[BlackElo "2686"]
[WhiteFideId "4147235"]
[BlackFideId "4121830"]
[EventDate "2014.08.26"]

1. e4 c5 2. Nf3 d6 3. d4 cxd4 4. Nxd4 Nf6 5. Nc3 g6 6. Be2 Bg7 7. O-O O-O 8. Re1
Nc6 9. Nb3 Bd7 10. Bf1 Ne5 11. Bg5 h6 12. Be3 Neg4 13. Bd4 e5 14. Be3 Nxh2 15.
Kxh2 Ng4+ 16. Kg1 Qh4 17. Bc4 Rac8 18. Nd2 Qh2+ 19. Kf1 Nxe3+ 20. Rxe3 Qh1+ 21.
Ke2 Bg4+ 22. f3 Qxg2+ 23. Kd3 Bh5 24. Nd5 Kh7 25. c3 f5 26. Qg1 Bxf3 27. Qxg2
Bxg2 28. Rg1 fxe4+ 29. Kc2 Bf3 30. Be2 Rc5 31. Ne7 Bf6 32. Nxg6 Rg8 33. Nxf3 d5
34. Ngxe5 Rxg1 35. Nxg1 Bxe5 36. Kd1 Rc7 37. Bh5 Rg7 38. Ne2 Rg5 39. Bf7 Bc7 40.
Rh3 Kg7 41. Be6 h5 42. Kd2 Kf6 43. Bd7 Ke7 44. Bc8 b6 45. Ke3 Kd8 46. Bb7 Bd6
47. Nf4 Bc5+ 48. Ke2 Rf5 49. Ne6+ Kd7 50. Nxc5+ bxc5 51. c4 Rf3 52. Rxh5 d4 53.
Bxe4 Re3+ 54. Kd2 Rxe4 55. Rxc5 Rh4 56. Kd3 Ke6 57. b3 Rg4 58. Ra5 Rh4 59. Rxa7 1-0

[Event "5th Yaroslav the Wise Rap"]
[Site "Yaroslavl RUS"]
[Date "2014.08.26"]
[Round "1.3"]
[White "Nepomniachtchi, Ian"]
[Black "Jakovenko, Dmitry"]
[Result "1/2-1/2"]
[WhiteTitle "GM"]
[BlackTitle "GM"]
[WhiteElo "2714"]
[BlackElo "2747"]
[WhiteFideId "4168119"]
[BlackFideId "4122356"]
[EventDate "2014.08.26"]

1. Nf3 Nf6 2. g3 c5 3. Bg2 g6 4. O-O Bg7 5. d4 cxd4 6. Nxd4 Nc6 7. c4 O-O 8. Nc3
d6 9. Nxc6 bxc6 10. Bxc6 Rb8 11. Bg2 Qa5 12. Qa4 Qxa4 13. Nxa4 Ng4 14. Nc3 Ne5
15. c5 dxc5 16. Bg5 Rxb2 17. Bxe7 Re8 18. Nd5 Rxe2 19. Nf6+ Bxf6 20. Bxf6 Re6
21. Bg5 Kg7 22. Be3 Nd3 23. Bf3 Rb2 24. Rfb1 Rxb1+ 25. Rxb1 Ba6 26. Rb3 Rd6 27.
Ra3 Ne5 28. Kg2 Nxf3 29. Kxf3 Rf6+ 30. Ke4 Bb7+ 31. Kd3 Ra6 32. Rxa6 Bxa6+ 33.
Kc3 Bf1 34. Bxc5 a6 35. h4 h5 36. Be3 Kf6 37. Kd4 Ke6 38. Ke4 Bc4 39. a3 Bb5 40.
Bd2 Ba4 41. Bb4 Bb5 42. Ke3 Ke5 1/2-1/2

[Event "5th Yaroslav the Wise Rap"]
[Site "Yaroslavl RUS"]
[Date "2014.08.26"]
[Round "2.1"]
[White "Moiseenko, Alexander"]
[Black "Jakovenko, Dmitry"]
[Result "1/2-1/2"]
[WhiteTitle "GM"]
[BlackTitle "GM"]
[WhiteElo "2707"]
[BlackElo "2747"]
[WhiteFideId "14102560"]
[BlackFideId "4122356"]
[EventDate "2014.08.26"]

1. d4 Nf6 2. c4 e6 3. Nc3 Bb4 4. Nf3 c5 5. g3 cxd4 6. Nxd4 O-O 7. Bg2 d5 8. cxd5
Nxd5 9. Qb3 Qa5 10. Bd2 Nc6 11. Nxc6 bxc6 12. O-O Bxc3 13. bxc3 Ba6 14. Rfd1 Qc5
15. e4 Bc4 16. Qa4 Nb6 17. Qb4 Qh5 18. Be3 Be2 19. Rd2 Bf3 20. Bxb6 Rab8 21. Qc5
axb6 22. Qxc6 Bxg2 23. Kxg2 Qe5 24. Qc4 Rfc8 25. Qd4 Qa5 26. Rb1 h6 27. Rb4 Rc6
28. Rdb2 Rbc8 29. Rxb6 Rxc3 30. Rb8 Rc7 31. Rxc8+ Rxc8 32. Rb7 Rd8 33. Qb4 Qxa2
34. Rb8 Rxb8 35. Qxb8+ Kh7 36. Qf4 Qa7 37. h4 Qb7 38. Kh2 Qa7 39. Kg2 Qb7 40.
Kh2 Qa7 41. Kg2 1/2-1/2

[Event "5th Yaroslav the Wise Rap"]
[Site "Yaroslavl RUS"]
[Date "2014.08.26"]
[Round "2.2"]
[White "Motylev, Alexander"]
[Black "Nepomniachtchi, Ian"]
[Result "0-1"]
[WhiteTitle "GM"]
[BlackTitle "GM"]
[WhiteElo "2686"]
[BlackElo "2714"]
[WhiteFideId "4121830"]
[BlackFideId "4168119"]
[EventDate "2014.08.26"]

1. e4 c5 2. Nf3 d6 3. Bb5+ Nd7 4. O-O a6 5. Bd3 Ngf6 6. Re1 g6 7. c3 Bg7 8. Bf1
O-O 9. d4 b5 10. h3 Rb8 11. Bf4 b4 12. Nbd2 cxd4 13. cxd4 Bb7 14. Bh2 Nb6 15.
Bd3 a5 16. Qe2 Rc8 17. a3 bxa3 18. Rxa3 a4 19. b3 Rc3 20. Nb1 Rxb3 21. Rxb3 axb3
22. Qb2 Qa8 23. Qxb3 Ba6 24. Bxa6 Qxa6 25. Nc3 Rc8 26. e5 dxe5 27. dxe5 Nfd7 28.
Ne4 e6 29. Nd6 Nc5 30. Qc2 Rc7 31. Ne8 Rc8 32. Nd6 Rc7 33. Ne8 Rc6 34. Nd4 Rc8
35. Nd6 Nd3 36. Nxc8 Nxe1 37. Ne7+ Kh8 38. Qc7 Bf8 39. Qd8 Qa8 40. Qxa8 Nxa8 41.
Nec6 Nd3 42. Kf1 Nb6 43. Ke2 Nb2 44. Bf4 Nd5 45. Bc1 Na4 46. Kd3 Nc5+ 47. Ke2
Nc3+ 48. Kf1 Nd3 49. Bd2 Ne4 50. Be3 Bg7 51. Nf3 Nc3 52. Bd2 Nd5 53. g3 h6 54.
Ke2 Nc5 55. Nfd4 Ne4 56. Be1 Nc5 57. h4 Kg8 58. f4 h5 59. Nb4 Nb6 60. Nb5 Bf8
61. Na7 Nc4 62. Nac6 Nb6 63. Nd3 Nb3 64. Bb4 Nd5 65. Bd6 Nc3+ 66. Ke3 Nd5+ 67.
Ke2 Kg7 68. Kd1 Ne3+ 69. Ke2 Nf5 70. Bxf8+ Kxf8 71. Kf3 Nd2+ 72. Kg2 Ne4 73.
Ncb4 Nexg3 74. Kf3 Nf1 75. Kg2 Nd2 76. Kh3 Nf3 77. Nc6 Ke8 78. Na5 Kd7 79. Nc5+
Kc7 80. Ne4 Kd7 81. Nf6+ Ke7 82. Ne4 N3d4 83. Nc5 Ne2 84. Nc6+ Ke8 85. Nd3 Ne3
86. Ncb4 Kd7 87. Nc5+ Kc7 88. Nbd3 Nd5 89. Ne4 Nexf4+ 90. Nxf4 Nxf4+ 91. Kg3 Nd3
92. Ng5 Nxe5 93. Kf4 Kd6 94. Ne4+ Kd5 95. Nc3+ Kc4 96. Ne4 Kd4 97. Ng5 Kd5 98.
Ne4 Nd3+ 99. Ke3 Nc5 0-1

[Event "5th Yaroslav the Wise Rap"]
[Site "Yaroslavl RUS"]
[Date "2014.08.26"]
[Round "2.3"]
[White "Potkin, Vladimir"]
[Black "Tomashevsky, Evgeny"]
[Result "1/2-1/2"]
[WhiteTitle "GM"]
[BlackTitle "GM"]
[WhiteElo "2610"]
[BlackElo "2701"]
[WhiteFideId "4131061"]
[BlackFideId "4147235"]
[EventDate "2014.08.26"]

1. d4 d5 2. c4 e6 3. Nf3 c6 4. Qc2 Nf6 5. Nbd2 b6 6. g3 Bb7 7. Bg2 Be7 8. O-O
O-O 9. Rd1 Na6 10. e4 Rc8 11. e5 Nd7 12. cxd5 cxd5 13. Qa4 Qc7 14. Nf1 Qc4 15.
Qb3 Nb4 16. Ne3 Qxb3 17. axb3 a5 18. Bd2 Ba6 19. Bf1 Bxf1 20. Kxf1 f6 21. Bxb4
Bxb4 22. Ke2 Kf7 23. Rac1 Nb8 24. Nc2 Be7 25. Na3 Rc6 26. Rxc6 Nxc6 27. Nb5 Rc8
28. Kd2 Bb4+ 29. Kd3 Be7 30. Kd2 Bb4+ 31. Kd3 Be7 32. Kd2 1/2-1/2

[Event "5th Yaroslav the Wise Rap"]
[Site "Yaroslavl RUS"]
[Date "2014.08.26"]
[Round "3.1"]
[White "Tomashevsky, Evgeny"]
[Black "Moiseenko, Alexander"]
[Result "1/2-1/2"]
[WhiteTitle "GM"]
[BlackTitle "GM"]
[WhiteElo "2701"]
[BlackElo "2707"]
[WhiteFideId "4147235"]
[BlackFideId "14102560"]
[EventDate "2014.08.26"]

1. e4 c5 2. Nf3 e6 3. c4 Nc6 4. Nc3 Nf6 5. Be2 e5 6. O-O d6 7. a3 Be7 8. Rb1 a5
9. d3 O-O 10. Bg5 h6 11. Bxf6 Bxf6 12. Nd5 Be6 13. Ne1 Bxd5 14. exd5 Nd4 15. Nc2
Nb3 16. Na1 Nd4 17. Nc2 Nb3 18. Na1 Nd4 19. Nc2 Nb3 1/2-1/2

[Event "5th Yaroslav the Wise Rap"]
[Site "Yaroslavl RUS"]
[Date "2014.08.26"]
[Round "3.3"]
[White "Jakovenko, Dmitry"]
[Black "Motylev, Alexander"]
[Result "1-0"]
[WhiteTitle "GM"]
[BlackTitle "GM"]
[WhiteElo "2747"]
[BlackElo "2686"]
[WhiteFideId "4122356"]
[BlackFideId "4121830"]
[EventDate "2014.08.26"]

1. Nf3 f5 2. d4 Nf6 3. c4 g6 4. g3 Bg7 5. Bg2 O-O 6. O-O d6 7. Nc3 c6 8. Rb1 Ne4
9. Qc2 Nxc3 10. bxc3 Qc7 11. c5 dxc5 12. Bf4 Qa5 13. Qb3+ Kh8 14. Ng5 Bf6 15.
Nf7+ Kg8 16. Nd6+ Kh8 17. Nxb7 Bxb7 18. Qxb7 Na6 19. Bxc6 Rac8 20. Bd7 Rcd8 21.
Bb5 g5 22. Qxa6 Qxa6 23. Bxa6 gxf4 24. dxc5 Rd5 25. c6 Rc5 26. Bb7 Be5 27. Rfd1
fxg3 28. hxg3 f4 29. g4 Bd6 30. Rd3 Rg8 31. f3 Rgg5 32. Kf2 Kg7 33. a4 Rc4 34.
Rb5 h6 35. Rxg5+ hxg5 36. a5 Kf6 37. a6 Ke5 38. c7 Rxc7 39. Rd5+ Ke6 40. Rxg5
Rxc3 41. Be4 Kf7 42. Rh5 Kg7 43. Rh1 Rc8 44. Kg2 Rh8 45. Rc1 Kf6 46. Rd1 Rg8 47.
Rh1 Kg7 48. g5 Rh8 49. Rb1 Rh5 50. Rb5 Kf8 51. Kf2 Rh2+ 52. Ke1 Rh1+ 53. Kd2 Ra1
54. Bd3 Ra5 55. Rb7 Rxg5 56. Rxa7 Ra5 57. Kc3 Bc5 58. Rc7 Be3 59. Rb7 Kf7 60.
Bb5 Ra1 61. Bc4+ Kf6 62. Rd7 Rc1+ 63. Kb4 Rb1+ 64. Bb3 Ra1 65. Kb5 Rb1 66. Rd3
Bf2 67. Kc6 Re1 68. Rd2 Ra1 69. Ba2 Rc1+ 70. Kb7 Be3 71. a7 1-0

[Event "5th Yaroslav the Wise Rap"]
[Site "Yaroslavl RUS"]
[Date "2014.08.26"]
[Round "4.1"]
[White "Nepomniachtchi, Ian"]
[Black "Moiseenko, Alexander"]
[Result "1/2-1/2"]
[WhiteTitle "GM"]
[BlackTitle "GM"]
[WhiteElo "2714"]
[BlackElo "2707"]
[WhiteFideId "4168119"]
[BlackFideId "14102560"]
[EventDate "2014.08.26"]

1. e4 c5 2. Nf3 e6 3. Qe2 Nc6 4. g3 g6 5. Bg2 Bg7 6. O-O Nge7 7. c3 O-O 8. Na3
d6 9. Nc2 b6 10. d4 cxd4 11. cxd4 a5 12. Rd1 Ba6 13. Qe1 Rc8 14. Bf4 d5 15. Rac1
dxe4 16. Qxe4 Qd5 17. Ne5 Nxe5 18. Qxd5 Nxd5 19. Bxe5 Rfd8 20. Bxg7 Kxg7 21. Ne3
Ne7 22. Rxc8 Rxc8 23. a3 Be2 24. Re1 Bb5 25. d5 exd5 26. Nxd5 Nxd5 27. Bxd5 Kf6
28. Re3 Rc5 29. Be4 Bc6 30. Bxc6 Rxc6 31. Rb3 Ke5 32. Kf1 Ke4 33. Ke2 f5 34.
Re3+ Kd4 35. Kd2 g5 36. Rd3+ Ke4 37. f3+ Ke5 38. Rb3 Rh6 39. Ke3 f4+ 40. gxf4+
gxf4+ 41. Kd3 Rd6+ 42. Kc4 Rd4+ 43. Kc3 Rd6 44. Rb5+ Kf6 45. a4 h6 46. b3 Kg6
47. Kc4 Kf6 48. Rh5 Kg6 49. Rb5 Kf6 50. Kc3 Kg6 51. Re5 Kf6 52. Rh5 Kg6 53. Rb5
Kf6 54. Kc4 Kg6 55. h4 Kf6 56. b4 axb4 57. Rxb4 Kg6 58. Kb5 Rf6 59. Ka6 Kh5 60.
Rxb6 Rf8 61. a5 Kxh4 62. Rg6 Kh5 63. Rg7 Re8 64. Rg4 Ra8+ 65. Kb6 Ra6+ 66. Kb5
Rxa5+ 1/2-1/2

[Event "5th Yaroslav the Wise Rap"]
[Site "Yaroslavl RUS"]
[Date "2014.08.26"]
[Round "4.2"]
[White "Jakovenko, Dmitry"]
[Black "Tomashevsky, Evgeny"]
[Result "1/2-1/2"]
[WhiteTitle "GM"]
[BlackTitle "GM"]
[WhiteElo "2747"]
[BlackElo "2701"]
[WhiteFideId "4122356"]
[BlackFideId "4147235"]
[EventDate "2014.08.26"]

1. d4 Nf6 2. c4 e6 3. Nf3 Bb4+ 4. Bd2 Qe7 5. g3 Bxd2+ 6. Qxd2 Nc6 7. Nc3 d5 8.
cxd5 exd5 9. Bg2 O-O 10. O-O Re8 11. Rfe1 a6 12. Rac1 Bf5 13. a3 Be4 14. b4 Na7
15. Nxe4 Nxe4 16. Qd3 c6 17. Ne5 Nb5 18. e3 Rad8 19. a4 Nbd6 20. Qc2 h5 21. Nd3
h4 22. f3 Ng5 23. gxh4 Ne6 24. Qf2 Nf5 25. Bh3 Nxh4 26. Bxe6 Qxe6 27. Qxh4 Qg6+
28. Kh1 Qxd3 29. Rg1 Rd6 30. Rce1 Rg6 31. Rxg6 Qxg6 32. e4 Qd6 33. exd5 Rxe1+
34. Qxe1 Qxd5 35. Qe8+ Kh7 36. Kg2 Qg5+ 37. Kh3 Qh6+ 38. Kg3 Qg5+ 39. Kh3 Qh5+
40. Kg3 Qg5+ 41. Kh3 Qh5+ 1/2-1/2

[Event "5th Yaroslav the Wise Rap"]
[Site "Yaroslavl RUS"]
[Date "2014.08.26"]
[Round "4.3"]
[White "Motylev, Alexander"]
[Black "Potkin, Vladimir"]
[Result "1-0"]
[WhiteTitle "GM"]
[BlackTitle "GM"]
[WhiteElo "2686"]
[BlackElo "2610"]
[WhiteFideId "4121830"]
[BlackFideId "4131061"]
[EventDate "2014.08.26"]

1. e4 c5 2. b3 g6 3. Bb2 Nf6 4. h4 Nc6 5. h5 d6 6. Bb5 e5 7. hxg6 fxg6 8. Nc3
Bg7 9. Qe2 a6 10. Bxc6+ bxc6 11. O-O-O O-O 12. f3 a5 13. g4 a4 14. Nxa4 Rxa4 15.
bxa4 Be6 16. c4 Qa5 17. d3 Qxa4 18. a3 Nd7 19. Qc2 Qa6 20. g5 Rf7 21. Qh2 Nf8
22. Rd2 d5 23. Qf2 dxc4 24. dxc4 Qxc4+ 25. Rc2 Qa6 26. Rxc5 Rb7 27. Qe2 Qb6 28.
Qc2 Bd7 29. Rc4 c5 30. Ne2 Ne6 31. a4 Nd4 32. Nxd4 exd4 33. Rxc5 d3 34. Qc4+ Be6
35. Qb5 Bxb2+ 36. Kd2 Qxb5 37. Rxb5 Rxb5 38. axb5 Bc4 39. b6 Ba6 40. f4 Bd4 41.
Rb1 Bb7 42. Kxd3 Bf2 43. Ke2 Bc5 44. Kf3 Kf8 45. Rc1 Bd6 46. Rh1 Kg8 1-0

[Event "5th Yaroslav the Wise Rap"]
[Site "Yaroslavl RUS"]
[Date "2014.08.26"]
[Round "5.1"]
[White "Moiseenko, Alexander"]
[Black "Motylev, Alexander"]
[Result "1/2-1/2"]
[WhiteTitle "GM"]
[BlackTitle "GM"]
[WhiteElo "2707"]
[BlackElo "2686"]
[WhiteFideId "14102560"]
[BlackFideId "4121830"]
[EventDate "2014.08.26"]

1. d4 d6 2. e4 Nf6 3. Nc3 e5 4. dxe5 dxe5 5. Qxd8+ Kxd8 6. Bg5 Nd7 7. Bc4 Ke8 8.
O-O-O c6 9. f4 Ng4 10. fxe5 Be7 11. Bxe7 Kxe7 12. Rd2 Ngxe5 13. Bb3 Nc5 14. Nf3
f6 15. Nxe5 Nxb3+ 16. axb3 fxe5 17. Rf2 Be6 18. Kd2 Rhf8 19. Rxf8 Rxf8 20. Ke3
b6 21. b4 Rd8 22. Ra1 Rd7 23. b3 Bf7 24. Na4 Bh5 25. Nb2 Ke6 26. Nd3 Bg6 27. Ra2
Bh5 28. Ra1 Bg6 29. Ra2 Bh5 30. Ra1 Bg6 31. Ra2 Bh5 32. Ra1 1/2-1/2

[Event "5th Yaroslav the Wise Rap"]
[Site "Yaroslavl RUS"]
[Date "2014.08.26"]
[Round "5.2"]
[White "Potkin, Vladimir"]
[Black "Jakovenko, Dmitry"]
[Result "1/2-1/2"]
[WhiteTitle "GM"]
[BlackTitle "GM"]
[WhiteElo "2610"]
[BlackElo "2747"]
[WhiteFideId "4131061"]
[BlackFideId "4122356"]
[EventDate "2014.08.26"]

1. d4 Nf6 2. c4 e6 3. Nf3 d5 4. Nc3 Be7 5. Bf4 O-O 6. e3 Nbd7 7. Qc2 c5 8. Rd1
cxd4 9. Rxd4 Qa5 10. Bg3 Nb6 11. Nd2 dxc4 12. Bxc4 Nxc4 13. Nxc4 Qa6 14. O-O Rd8
15. Rfd1 Rxd4 16. Rxd4 Bd7 17. Bd6 Bxd6 18. Nxd6 Bc6 19. e4 Qa5 20. Qd2 Qc7 21.
e5 Nd5 22. Nce4 Qe7 23. b4 a6 24. h3 Rf8 25. Nc3 f6 26. f4 fxe5 27. fxe5 Nxc3
28. Qxc3 Bd5 29. a4 Qd7 30. a5 Qe7 31. Qd2 Bc6 32. Rg4 Bd5 33. Rd4 Bc6 34. Rg4
Bd5 35. Rd4 1/2-1/2

[Event "5th Yaroslav the Wise Rap"]
[Site "Yaroslavl RUS"]
[Date "2014.08.26"]
[Round "5.3"]
[White "Tomashevsky, Evgeny"]
[Black "Nepomniachtchi, Ian"]
[Result "1-0"]
[WhiteTitle "GM"]
[BlackTitle "GM"]
[WhiteElo "2701"]
[BlackElo "2714"]
[WhiteFideId "4147235"]
[BlackFideId "4168119"]
[EventDate "2014.08.26"]

1. Nf3 c5 2. c4 Nf6 3. g3 d5 4. cxd5 Nxd5 5. Bg2 Nc6 6. Nc3 Nc7 7. a3 Rb8 8. b4
cxb4 9. axb4 b5 10. Bb2 e5 11. Qc1 Rb6 12. Ne4 f6 13. O-O Bxb4 14. d4 f5 15.
Nxe5 Nxe5 16. dxe5 fxe4 17. Rd1 Qe7 18. Rxa7 Bc5 19. Bd4 Bxd4 20. Rxc7 Bxf2+ 21.
Kh1 Bd7 22. e3 Qxe5 23. Rdxd7 Bxe3 24. Qxe3 Ra6 25. h4 O-O 26. Rxg7+ Qxg7 27.
Rxg7+ Kxg7 28. Bxe4 h6 29. Qd4+ Rff6 30. Qd7+ Kf8 31. Qxb5 Rae6 32. Bf5 Rb6 33.
Qe5 Rfd6 34. Kg2 Kf7 35. Kh3 Rdc6 36. Kg4 Rc4+ 37. Kh5 Rcc6 38. g4 Kf8 39. g5
hxg5 40. hxg5 Rd6 41. Qh8+ Kf7 42. Qh7+ Ke8 43. g6 Rd2 44. Qh8+ Ke7 45. Qe5+ Kf8
46. g7+ Kg8 47. Be6+ Rxe6 48. Qxe6+ Kxg7 49. Qh6+ 1-0

[Event "5th Yaroslav the Wise Rap"]
[Site "Yaroslavl RUS"]
[Date "2014.08.27"]
[Round "6.1"]
[White "Moiseenko, Alexander"]
[Black "Potkin, Vladimir"]
[Result "0-1"]
[WhiteTitle "GM"]
[BlackTitle "GM"]
[WhiteElo "2707"]
[BlackElo "2610"]
[WhiteFideId "14102560"]
[BlackFideId "4131061"]
[EventDate "2014.08.26"]

1. d4 d5 2. c4 c6 3. Nf3 Nf6 4. Nc3 e6 5. Bg5 h6 6. Bxf6 Qxf6 7. e3 Nd7 8. Bd3
dxc4 9. Bxc4 g6 10. O-O Bg7 11. Qc2 O-O 12. Bb3 Qe7 13. Ne4 e5 14. Ng3 Kh8 15.
Rad1 a5 16. a3 f5 17. dxe5 Nxe5 18. Nxe5 Qxe5 19. Rd2 a4 20. Ba2 Be6 21. Bxe6
Qxe6 22. Rfd1 Qb3 23. Qc1 f4 24. exf4 Rxf4 25. Qb1 Raf8 26. Ne4 b6 27. h3 c5 28.
f3 Bd4+ 29. Kh1 R4f7 30. Rxd4 cxd4 31. Rxd4 Rxf3 32. gxf3 Qxf3+ 33. Kh2 Qf4+ 34.
Kh1 Qf3+ 35. Kh2 Qe2+ 36. Kh1 Rf1+ 37. Qxf1 Qxf1+ 38. Kh2 Qe2+ 39. Kh1 Qxb2 40.
Rd8+ Kg7 41. Re8 Qxa3 42. Kg2 Qb2+ 43. Kf3 a3 44. Re7+ Kf8 45. Ra7 a2 0-1

[Event "5th Yaroslav the Wise Rap"]
[Site "Yaroslavl RUS"]
[Date "2014.08.27"]
[Round "6.2"]
[White "Motylev, Alexander"]
[Black "Tomashevsky, Evgeny"]
[Result "1/2-1/2"]
[WhiteTitle "GM"]
[BlackTitle "GM"]
[WhiteElo "2686"]
[BlackElo "2701"]
[WhiteFideId "4121830"]
[BlackFideId "4147235"]
[EventDate "2014.08.26"]

1. e4 e5 2. Nf3 Nc6 3. d4 exd4 4. Nxd4 Bc5 5. Nxc6 Qf6 6. Qf3 bxc6 7. Nc3 Qxf3
8. gxf3 Ne7 9. h4 O-O 10. h5 Kh8 11. f4 d6 12. Bd2 f5 13. h6 Bd4 14. e5 gxh6 15.
Na4 Ng6 16. O-O-O Be6 17. Be1 dxe5 18. c3 Bb6 19. fxe5 Rad8 20. Rxd8 Rxd8 21. b3
Nxe5 22. Rxh6 Ng6 23. Nxb6 cxb6 24. c4 Kg7 25. Rh1 Rd7 26. Bc3+ Kf8 27. Rh6 c5
28. a4 Bg8 29. a5 Be6 30. Be2 Re7 31. Bf3 Ke8 32. Kd2 Kd7 33. Rh1 Kd6 34. Kc2 f4
35. Be4 Bc8 36. Bd3 Bb7 37. Rh6 bxa5 38. Bxg6 hxg6 39. Rxg6+ Re6 40. Rxe6+ Kxe6
41. Bxa5 Ke5 1/2-1/2

[Event "5th Yaroslav the Wise Rap"]
[Site "Yaroslavl RUS"]
[Date "2014.08.27"]
[Round "6.3"]
[White "Jakovenko, Dmitry"]
[Black "Nepomniachtchi, Ian"]
[Result "0-1"]
[WhiteTitle "GM"]
[BlackTitle "GM"]
[WhiteElo "2747"]
[BlackElo "2714"]
[WhiteFideId "4122356"]
[BlackFideId "4168119"]
[EventDate "2014.08.26"]

1. c4 f5 2. d4 Nf6 3. Nf3 g6 4. g3 Bg7 5. Bg2 O-O 6. O-O d6 7. Nc3 c6 8. Rb1 Kh8
9. b4 Be6 10. d5 cxd5 11. Nxd5 Nc6 12. Bb2 Rc8 13. a3 Bg8 14. Nxf6 Bxf6 15.
Bxf6+ Rxf6 16. c5 e5 17. Nd2 e4 18. Nb3 dxc5 19. Nxc5 b6 20. Nb3 Rd6 21. Qe1 Qf6
22. f3 Bxb3 23. Rxb3 Nd4 24. Rb1 e3 25. f4 Nc2 26. Qc1 Rc3 27. Rb2 Rd2 28. Bf3
Nd4 29. Qa1 Nxf3+ 30. Rxf3 Rcc2 0-1

[Event "5th Yaroslav the Wise Rap"]
[Site "Yaroslavl RUS"]
[Date "2014.08.27"]
[Round "7.1"]
[White "Jakovenko, Dmitry"]
[Black "Moiseenko, Alexander"]
[Result "1-0"]
[WhiteTitle "GM"]
[BlackTitle "GM"]
[WhiteElo "2747"]
[BlackElo "2707"]
[WhiteFideId "4122356"]
[BlackFideId "14102560"]
[EventDate "2014.08.26"]

1. Nf3 Nf6 2. c4 e6 3. Nc3 d5 4. d4 Bb4 5. Bg5 h6 6. Bxf6 Qxf6 7. e3 O-O 8. Rc1
Rd8 9. Qb3 Nc6 10. cxd5 exd5 11. Bb5 Bg4 12. Bxc6 Bxc3+ 13. Rxc3 bxc6 14. Ne5
Bd7 15. O-O Be8 16. Rfc1 Rab8 17. Qa3 Qd6 18. Nxc6 Qxa3 19. bxa3 Bxc6 20. Rxc6
Rd7 21. g3 Rb7 22. a4 Rb4 23. Ra6 Rb7 24. Rc5 Rb2 25. Rxa7 Rd6 26. Raxc7 Rxa2
27. R5c6 1-0

[Event "5th Yaroslav the Wise Rap"]
[Site "Yaroslavl RUS"]
[Date "2014.08.27"]
[Round "7.2"]
[White "Nepomniachtchi, Ian"]
[Black "Motylev, Alexander"]
[Result "1-0"]
[WhiteTitle "GM"]
[BlackTitle "GM"]
[WhiteElo "2714"]
[BlackElo "2686"]
[WhiteFideId "4168119"]
[BlackFideId "4121830"]
[EventDate "2014.08.26"]

1. e4 c6 2. d4 d5 3. e5 Bf5 4. h4 h5 5. Bd3 Bxd3 6. Qxd3 e6 7. Bg5 Qb6 8. Nd2 c5
9. c4 Qxb2 10. Rb1 Qxd4 11. Qxd4 cxd4 12. Rxb7 f6 13. Bf4 Nd7 14. exf6 gxf6 15.
cxd5 e5 16. Bh2 Ne7 17. f4 Nc5 18. Rb5 Nxd5 19. fxe5 Nd3+ 20. Ke2 Nc3+ 21. Kxd3
Nxb5 22. exf6 Rc8 23. Nc4 Rg8 24. Nf3 Rxg2 25. Ng5 Kd7 26. a4 Nd6 27. Ne5+ Ke8
28. Re1 Rcc2 29. Bf4 Ra2 30. Ng6+ Kd8 31. Ne6+ Kc8 32. Rc1+ Kb7 33. Nc5+ Kc6 34.
Ne4+ Kb7 35. Bxd6 Bh6 36. Rb1+ Kc6 37. Ne7+ Kd7 38. Nf5 Ke6 1-0

[Event "5th Yaroslav the Wise Rap"]
[Site "Yaroslavl RUS"]
[Date "2014.08.27"]
[Round "7.3"]
[White "Tomashevsky, Evgeny"]
[Black "Potkin, Vladimir"]
[Result "1/2-1/2"]
[WhiteTitle "GM"]
[BlackTitle "GM"]
[WhiteElo "2701"]
[BlackElo "2610"]
[WhiteFideId "4147235"]
[BlackFideId "4131061"]
[EventDate "2014.08.26"]

1. Nf3 d5 2. d4 Nf6 3. c4 c6 4. Nc3 e6 5. Bg5 h6 6. Bxf6 Qxf6 7. g3 Nd7 8. Bg2
dxc4 9. O-O Be7 10. Ne4 Qf5 11. Ned2 e5 12. Nxc4 exd4 13. Nxd4 Qc5 14. Rc1 O-O
15. a3 Bf6 16. e3 Ne5 17. Nd2 Qb6 18. Qc2 Bd7 19. b4 a5 20. Rb1 Ra7 21. Ne4 Be7
22. Nc5 axb4 23. Nxd7 Nxd7 24. Nf5 Bf6 25. axb4 Rd8 26. Rfd1 Raa8 27. b5 cxb5
28. Nd6 Nc5 29. Rxb5 Qxb5 30. Nxb5 Rxd1+ 31. Qxd1 Ra1 32. Qxa1 Bxa1 33. Nd6 Be5
34. Nxb7 Nxb7 35. Bxb7 Kf8 36. Kg2 Ke7 37. Bd5 Bc7 38. Bc4 Bb6 39. Bd5 Bc7 40.
Bc4 Bb6 41. Bd5 Bc7 42. Bc4 1/2-1/2

[Event "5th Yaroslav the Wise Rap"]
[Site "Yaroslavl RUS"]
[Date "2014.08.27"]
[Round "8.1"]
[White "Moiseenko, Alexander"]
[Black "Tomashevsky, Evgeny"]
[Result "1/2-1/2"]
[WhiteTitle "GM"]
[BlackTitle "GM"]
[WhiteElo "2707"]
[BlackElo "2701"]
[WhiteFideId "14102560"]
[BlackFideId "4147235"]
[EventDate "2014.08.26"]

1. d4 Nf6 2. c4 e6 3. Nc3 Bb4 4. Qc2 O-O 5. e4 d5 6. e5 Ne4 7. Bd3 c5 8. Ne2
cxd4 9. Nxd4 Nd7 10. Bf4 Qh4 11. g3 Qh3 12. O-O-O Nxc3 13. bxc3 Ba3+ 14. Kb1 Nb6
15. Bf1 Qh5 16. Be2 Qg6 17. Bd3 Qh5 18. Be2 Qg6 19. Bd3 Qh5 1/2-1/2